اردو پلے (Record no. 1494)
[ view plain ]
| 000 -LEADER | |
|---|---|
| fixed length control field | 00954 a2200241 4500 |
| 005 - DATE AND TIME OF LATEST TRANSACTION | |
| control field | 20081010141724.0 |
| 008 - FIXED-LENGTH DATA ELEMENTS--GENERAL INFORMATION | |
| fixed length control field | 081010t xxu||||| |||| 00| 0 ur d |
| 010 ## - LCCN (DPL NO) | |
| LC control number | UR-7270 |
| 020 ## - INTERNATIONAL STANDARD BOOK NUMBER | |
| Terms of availability | 300.00 |
| 035 ## - SYSTEM CONTROL NUMBER | |
| System control number | U-5823 |
| 037 ## - SOURCE OF ACQUISITION | |
| Source of stock number/acquisition | D.B.Act/pub |
| 082 ## - DEWEY DECIMAL CLASSIFICATION NUMBER | |
| Classification number | 842 |
| 100 ## - MAIN ENTRY--PERSONAL NAME | |
| Personal name | معز اد ين احمد فا روق |
| 245 ## - TITLE STATEMENT | |
| Title | اردو پلے |
| Statement of responsibility, etc | معز الد ين احمد فاروق |
| 246 ## - VARYING FORM OF TITLE | |
| Title proper/short title | Urdu Play |
| Remainder of title | by Mauz Uddin Ahmad Farooq |
| 260 ## - PUBLICATION, DISTRIBUTION, ETC. (IMPRINT) | |
| Place of publication, distribution, etc | نا گپور |
| Name of publisher, distributor, etc | معز الدين احمدفاروق |
| Date of publication, distribution, etc | 2006 |
| 270 ## - ADDRESS | |
| Postal code | 440001 |
| Address | 83،ٹا ءيگور روڈ سول لا ءن نا گپو ر |
| City | نا گپور |
| 300 ## - PHYSICAL DESCRIPTION | |
| Extent | 620ص |
| Dimensions | 22سينٹی ميٹر (سہ جلد) |
| 650 ## - SUBJECT ADDED ENTRY--TOPICAL TERM | |
| Topical term or geographic name as entry element | ڈرامہ |
| 700 ## - ADDED ENTRY--PERSONAL NAME | |
| Personal name | سيد معز الد ين احمد فا روق |
| 942 ## - ADDED ENTRY ELEMENTS (KOHA) | |
| Institution code [OBSOLETE] | dpl |
| Item type | Urdu Bks |
| Source of classification or shelving scheme | Dewey Decimal Classification |
| Classification part | 842 |
| Call number suffix | معز |
| Withdrawn status | Lost status | Source of classification or shelving scheme | Damaged status | Not for loan | Collection code | Home library | Current library | Date acquired | Cost, normal purchase price | Total Checkouts | Full call number | Barcode | Date last seen | Copy number | Cost, replacement price | Koha item type |
|---|---|---|---|---|---|---|---|---|---|---|---|---|---|---|---|---|
| Dewey Decimal Classification | Not For Loan | Non-fiction | D.B.Act.Division | D.B.Act.Division | 10/10/2008 | 300.00 | 842 معز | U-5823 | 15/09/2008 | 1 | 300.00 | Urdu Bks |
